| 000 | 00641cam a22002173a 4500 | ||
|---|---|---|---|
| 001 | 33612 | ||
| 003 | PGUSA | ||
| 005 | 20140828083727.0 | ||
| 008 | 100902s2010||||xxu|||||s|||||000 | eng d | ||
| 040 |
_aPGUSA _beng |
||
| 042 | _adc | ||
| 100 | 1 |
_aChisholm, A. M. _q(Arthur Murray), _d1872-1960 |
|
| 245 | 1 | 4 |
_aThe Land of Strong Men _h[electronic resource] / _cA. M. Chisholm |
| 260 |
_bProject Gutenberg, _c2010 |
||
| 506 | _aPublic domain in the USA. | ||
| 516 | _aElectronic text | ||
| 700 | 1 |
_aJohnson, Frank Tenney, _d1874-1939 |
|
| 830 | 0 |
_aProject Gutenberg _v33612 |
|
| 856 | 4 | 0 | _uhttp://www.gutenberg.org/ebooks/33612 |
| 942 | _cEB | ||
| 999 |
_c262867 _d262867 |
||